[Event "HUN-ch rapid"]
[Site "Ajka"]
[Date "2019.07.19"]
[Round "2"]
[White "Laza, Szabolcs"]
[Black "Videki, Sandor"]
[Result "0-1"]
[WhiteElo "2185"]
[BlackElo "2401"]
[PlyCount "80"]
[EventDate "2019.07.19"]
[EventType "swiss (rapid)"]
[EventRounds "13"]
[EventCountry "HUN"]
[SourceTitle "CBM 191 Extra"]
[Source "ChessBase"]
[SourceDate "2019.09.30"]
[SourceVersion "1"]
[SourceVersionDate "2019.09.30"]
[SourceQuality "1"]

1. d4 d5 2. c4 c6 3. cxd5 cxd5 4. Bf4 Nc6 5. e3 Nf6 6. Nc3 a6 7. Rc1 Bf5 8. Nf3 e6 9. Bd3 Bxd3 10. Qxd3 Be7 11. 0-0 Nh5 12. Be5 f6 13. Bg3 Nxg3 14. hxg3 0-0 15. e4 Qd7 16. exd5 exd5 17. Nh4 Rfe8 18. Nf5 Bb4 19. Ne3 Bxc3 20. Qxc3 Re4 21. Rfd1 Rd8 22. Qc5 Ne7 23. Qc7 Nc6 24. Qb6 Qe7 25. Nf5 Qd7 26. Ne3 Qe7 27. Nf5 Qd7 28. Ne3 Qe8 29. Qxb7 Rxe3 30. Qxc6 Re2 31. Qb7 Qb5 32. Rc7 Qxb7 33. Rxb7 Rc8 34. Rd3 Rc1+ 35. Kh2 h5 36. Re3 Rxf2 37. Ree7 Rff1 38. Rxg7+ Kf8 39. g4 h4 40. g3 Rc2+ 0-1

[Event "HUN-ch rapid"]
[Site "Ajka"]
[Date "2019.07.19"]
[Round "1"]
[White "Videki, Sandor"]
[Black "Pasti, Aron"]
[Result "1-0"]
[WhiteElo "2401"]
[BlackElo "2209"]
[PlyCount "129"]
[EventDate "2019.07.19"]
[EventType "swiss (rapid)"]
[EventRounds "13"]
[EventCountry "HUN"]
[SourceTitle "CBM 191 Extra"]
[Source "ChessBase"]
[SourceDate "2019.09.30"]
[SourceVersion "1"]
[SourceVersionDate "2019.09.30"]
[SourceQuality "1"]

1. e4 e5 2. Nf3 Nc6 3. Nc3 g6 4. d4 exd4 5. Nxd4 Bg7 6. Be3 Nf6 7. Nxc6 bxc6 8. e5 Ng8 9. f4 Ne7 10. Bc4 d5 11. exd6 cxd6 12. Bd4 0-0 13. Bxg7 Kxg7 14. Qd4+ f6 15. 0-0-0 d5 16. Bb3 Qc7 17. Rhe1 Bb7 18. Na4 Nf5 19. Qf2 Rae8 20. g3 Bc8 21. Rd2 Nd6 22. Nc5 Bg4 23. Rd3 Rxe1+ 24. Qxe1 Re8 25. Re3 Rxe3 26. Qxe3 Kf7 27. c3 Qe7 28. Qxe7+ Kxe7 29. Kd2 Nf5 30. Ba4 Kd6 31. b4 h5 32. Nb7+ Kc7 33. Na5 Ne7 34. Nb3 Nf5 35. Nd4 Nxd4 36. cxd4 a6 37. Bc2 g5 38. Ke3 Kd6 39. fxg5 fxg5 40. h4 gxh4 41. gxh4 Kc7 42. Bd3 Kb6 43. a3 a5 44. Kf4 axb4 45. axb4 Bd1 46. Ke5 Bg4 47. Kd6 Bd1 48. Bg6 Kb5 49. Be8 Kxb4 50. Bxc6 Kc4 51. Ke5 Bf3 52. Be8 Bg4 53. Bg6 Bf3 54. Bf7 Kd3 55. Bxd5 Bd1 56. Bf7 Ke3 57. d5 Bg4 58. Be6 Bd1 59. d6 Ba4 60. Bf7 Kf3 61. Kf5 Bd7+ 62. Kg5 Ke4 63. Kf6 Kf4 64. Bxh5 Kg3 65. Kg5 1-0

[Event "Zalakaros Barczay Memorial"]
[Site "Zalakaros"]
[Date "2019.05.28"]
[Round "6"]
[White "Videki, Sandor"]
[Black "Krstulovic, Alex"]
[Result "1-0"]
[WhiteElo "2383"]
[BlackElo "2368"]
[PlyCount "81"]
[EventDate "2019.05.23"]
[EventType "swiss"]
[EventRounds "9"]
[EventCountry "HUN"]
[SourceTitle "CBM 190 Extra"]
[Source "ChessBase"]
[SourceDate "2019.07.15"]
[SourceVersion "1"]
[SourceVersionDate "2019.07.15"]
[SourceQuality "1"]

1. d4 d5 2. c4 e6 3. Nf3 a6 4. Bg5 Be7 5. Bxe7 Qxe7 6. Nbd2 Nf6 7. e3 0-0 8. Rc1 Nc6 9. Qb3 Na5 10. Qc3 Nxc4 11. Nxc4 dxc4 12. Bxc4 Bd7 13. 0-0 Rfd8 14. Ne5 Be8 15. Be2 Rac8 16. Bf3 Nd5 17. Qb3 f6 18. Nd3 Bb5 19. Rfd1 Bxd3 20. Rxd3 c6 21. a3 Rc7 22. g3 Qf7 23. Bg2 Rcd7 24. Rcd1 Ne7 25. Bh3 f5 26. Bf1 Nd5 27. Be2 Nf6 28. R3d2 Ne4 29. Rc2 c5 30. f3 Nf6 31. Rxc5 h5 32. h4 Kh7 33. Re5 Qg6 34. Kf2 Rd6 35. Qxb7 Nd5 36. Qb3 Rc8 37. Qd3 Rdc6 38. e4 Ne7 39. exf5 Nxf5 40. g4 hxg4 41. fxg4 1-0

[Event "Zalakaros Barczay Memorial"]
[Site "Zalakaros"]
[Date "2019.05.27"]
[Round "5"]
[White "Dobai, Szabolcs"]
[Black "Videki, Sandor"]
[Result "0-1"]
[WhiteElo "2192"]
[BlackElo "2383"]
[PlyCount "66"]
[EventDate "2019.05.23"]
[EventType "swiss"]
[EventRounds "9"]
[EventCountry "HUN"]
[SourceTitle "CBM 190 Extra"]
[Source "ChessBase"]
[SourceDate "2019.07.15"]
[SourceVersion "1"]
[SourceVersionDate "2019.07.15"]
[SourceQuality "1"]

1. c4 e5 2. g3 Nf6 3. Bg2 c6 4. Nf3 d6 5. Nc3 Nbd7 6. 0-0 Be7 7. d3 0-0 8. Rb1 a5 9. a3 d5 10. cxd5 cxd5 11. d4 e4 12. Nh4 Nb6 13. f3 exf3 14. Bxf3 Bh3 15. Re1 Rc8 16. Qd3 Qd7 17. Bf4 h6 18. Bg2 g5 19. Bxh3 Qxh3 20. Nf5 Rfe8 21. Bd2 Ng4 22. Qf3 Qxh2+ 23. Kf1 Qh3+ 24. Kg1 Bf8 25. Qh1 Qxh1+ 26. Kxh1 Nc4 27. Bc1 Nxa3 28. bxa3 Rxc3 29. Bd2 Rxa3 30. Rxb7 Ra2 31. Bc3 Nf2+ 32. Kg1 Ne4 33. Rc7 Nxc3 0-1

[Event "AUT-chT 1819"]
[Site "Austria"]
[Date "2019.03.31"]
[Round "10.2"]
[White "Volokitin, Andrei"]
[Black "Videki, Sandor"]
[Result "1-0"]
[WhiteElo "2634"]
[BlackElo "2400"]
[PlyCount "79"]
[EventDate "2018.11.15"]
[EventType "team-tourn"]
[EventRounds "11"]
[EventCountry "AUT"]
[SourceTitle "CBM 189 Extra"]
[Source "ChessBase"]
[SourceDate "2019.06.03"]
[SourceVersion "1"]
[SourceVersionDate "2019.06.03"]
[SourceQuality "1"]
[WhiteTeam "Jenbach"]
[BlackTeam "Pressbaum/Eichgraben"]
[WhiteTeamCountry "AUT"]
[BlackTeamCountry "AUT"]

1. e4 e6 2. d4 d5 3. Nc3 Bb4 4. e5 c5 5. a3 Bxc3+ 6. bxc3 Ne7 7. Qg4 cxd4 8. Qxg7 Rg8 9. Qxh7 Qc7 10. Ne2 Nbc6 11. f4 dxc3 12. Nxc3 Nd4 13. Bb2 Bd7 14. 0-0-0 Qb6 15. Qd3 Ndf5 16. Nb5 Rc8 17. g3 a6 18. Nd6+ Nxd6 19. exd6 Qxd6 20. Qh7 Bb5 21. Bxb5+ axb5 22. Rhe1 Rg6 23. Re2 Rc4 24. Qh8+ Kd7 25. Qf8 f5 26. Rd3 Rg8 27. Qf7 Rgc8 28. Bf6 R8c5 29. h4 Re4 30. Rh2 b4 31. Rb3 Rcc4 32. h5 Qc5 33. Qxe7+ Qxe7 34. Bxe7 Kxe7 35. h6 Rc8 36. h7 Rh8 37. Rxb4 Rxb4 38. axb4 Kf7 39. Kd2 Kg7 40. Kd3 1-0

[Event "HUN-chT2 Charousek 1819"]
[Site "Hungary"]
[Date "2018.09.23"]
[Round "1.2"]
[White "Finszter, Mate"]
[Black "Videki, Sandor"]
[Result "1/2-1/2"]
[WhiteElo "2297"]
[BlackElo "2404"]
[PlyCount "92"]
[EventDate "2018.09.23"]
[EventType "team-tourn"]
[EventRounds "11"]
[EventCountry "HUN"]
[SourceTitle "CBM 189 Extra"]
[Source "ChessBase"]
[SourceDate "2019.06.03"]
[SourceVersion "1"]
[SourceVersionDate "2019.06.03"]
[SourceQuality "1"]
[WhiteTeam "Gyor Szechenyi"]
[BlackTeam "Paks ASE II"]
[WhiteTeamCountry "HUN"]
[BlackTeamCountry "HUN"]

1. e4 c5 2. Nc3 Nc6 3. Bb5 Nd4 4. Bc4 e6 5. Nge2 a6 6. a4 Ne7 7. Nxd4 cxd4 8. Ne2 Nc6 9. d3 Bc5 10. 0-0 0-0 11. f4 f5 12. exf5 d5 13. Bb3 exf5 14. Bd2 Be6 15. Ng3 Qd7 16. Qf3 Kh8 17. Rfe1 Rf6 18. Re2 Bf7 19. Rae1 Rh6 20. h3 Rd8 21. Rc1 Be7 22. Rb1 Bc5 23. a5 Ne7 24. Ra1 Ng6 25. Ba4 Qc8 26. b4 Bd6 27. Rc1 Rh4 28. Ree1 Bxf4 29. Bxf4 Rxf4 30. Qe2 Rh4 31. Qf2 Rf4 32. Qe2 Qc7 33. Qd2 Qc3 34. Rcd1 Qc7 35. Ne2 Rh4 36. Rf1 Be6 37. Rde1 Bc8 38. Qg5 Qd6 39. Qd2 h6 40. Rf2 Rf8 41. Ref1 f4 42. Nxd4 f3 43. Nxf3 Rxb4 44. Bb3 Rbf4 45. Qe3 Kh7 46. Qb6 R8f6 1/2-1/2